000 00357nam a2200145Ia 4500
008 090124s9999 xx 000 0 und d
082 _b305395
245 _a ऊन सावली
250 _a1
260 _bपै शिरीष
_c2005
300 _a174
630 _a ऊन सावली
730 _a ऊन सावली
942 _cBOOK
999 _c195389
_d195389